| 000 | 00988nam a2200229 i 4500 | ||
|---|---|---|---|
| 001 | 33204 | ||
| 003 | ES-MaACL | ||
| 005 | 20230906154720.0 | ||
| 007 | t| | ||
| 008 | 030201s1918 sp ||||1| spa d | ||
| 080 | _a017.1(460.185 V.) | ||
| 110 | 2 |
_aUniversidad de Valladolid. _bBiblioteca Santa Cruz. _9143252 |
|
| 245 | 1 | 0 |
_aCatálogos de la Biblioteca Universitaria y Provincial (Sta. Cruz) de Valladolid / _credactados por el personal facultativo de las mismas bajo la dirección de Mariano Alcocer. |
| 260 |
_aValladolid : _b[s.n.], _c1918 ( _fImp. Castellana) |
||
| 300 |
_a1 vol. : _bil. ; _c24 cm. |
||
| 500 | _aEncuadernado con: Revista histórica. | ||
| 505 | 8 | _aContiene: Catálogo 1. Incunables y raros / por Don Saturnino Rivera Manescau (144 p.) | |
| 610 | 2 | 4 |
_aUniversidad de Valladolid. _bBiblioteca Santa Cruz- _vCatálogos. _9143253 |
| 700 | 1 |
_aAlcocer y Martínez, Mariano. _919568 |
|
| 700 | 1 |
_aRivera Manescau, Saturnino. _997659 |
|
| 852 |
_aES-MaACL _jB-8547(2) |
||
| 999 |
_c33204 _d33204 |
||